Математическое моделирование магнитогидродинамических поверхностных волн: учебное пособие

গ্রন্থ-পঞ্জীর বিবরন
প্রধান লেখক: Баринов В. А. Василий Александрович
সংস্থা লেখক: Мордовский государственный университет им. Н. П. Огарева
অন্যান্য লেখক: Тактаров Н. Г. Николай Григорьевич
ভাষা:রুশ
প্রকাশিত: Саранск, Изд-во Мордовского ун-та, 1991
বিষয়গুলি:
বিন্যাস: গ্রন্থ
KOHA link:https://koha.lib.tpu.ru/cgi-bin/koha/opac-detail.pl?biblionumber=202896

MARC

LEADER 00000nam0a2200000 4500
001 202896
005 20231101225122.0
010 |a 5710300012 
020 |a RU  |b 91-13628 
035 |a (RuTPU)RU\TPU\book\221093 
035 |a RU\TPU\book\221068 
090 |a 202896 
100 |a 20111022d1991 m y0rusy5003 ca 
101 0 |a rus 
102 |a RU 
105 |a y j 001zy 
200 1 |a Математическое моделирование магнитогидродинамических поверхностных волн  |e учебное пособие  |f В. А. Баринов, Н. Г. Тактаров  |g Мордовский государственный университет им. Н. П. Огарева 
210 |a Саранск  |c Изд-во Мордовского ун-та  |d 1991 
215 |a 96 с. 
320 |a Библиогр.: с. 93-94. 
610 1 |a поверхностные волны 
610 1 |a математическое моделирование 
610 1 |a гидродинамика 
610 1 |a уравнения 
610 1 |a жидкости 
610 1 |a течение 
610 1 |a учебные пособия 
675 |a 532.59(075.8)  |v 3 
700 1 |a Баринов  |b В. А.  |g Василий Александрович  |4 070 
701 1 |a Тактаров  |b Н. Г.  |g Николай Григорьевич  |4 070 
712 0 2 |a Мордовский государственный университет им. Н. П. Огарева  |c (Саранск)  |2 stltpush  |3 (RuTPU)RU\TPU\col\6661  |9 24254 
801 0 |a RU  |b RuMRKP  |c 19950417  |g psbo 
801 1 |a RU  |b 63413507  |c 20111022 
801 2 |a RU  |b 63413507  |c 20210131  |g RCR 
942 |c BK